Statistics for African Capitals by Map

Click here to take the quiz!

General Stats

  • This quiz has been taken 19,396 times
    (19,390 since last reset)
  • The average score is 35 of 54

Answer Stats

Country Capital % Correct
EgyptCairo
99%
TunisiaTunis
96%
South AfricaPretoria, Cape Town,
or Bloemfontein
96%
AlgeriaAlgiers
94%
MoroccoRabat
89%
LibyaTripoli
89%
KenyaNairobi
88%
EthiopiaAddis Ababa
87%
Congo (Dem. Rep.)Kinshasa
82%
DjiboutiDjibouti
82%
SudanKhartoum
79%
SomaliaMogadishu
79%
SenegalDakar
75%
NigeriaAbuja
74%
AngolaLuanda
73%
NamibiaWindhoek
72%
GhanaAccra
72%
Congo (Rep.)Brazzaville
72%
Sierra LeoneFreetown
72%
MadagascarAntananarivo
70%
ZimbabweHarare
68%
LiberiaMonrovia
65%
South SudanJuba
65%
São Tomé and PríncipeSão Tomé
64%
UgandaKampala
64%
Guinea-BissauBissau
63%
MozambiqueMaputo
59%
SeychellesVictoria
59%
ZambiaLusaka
59%
GabonLibreville
59%
RwandaKigali
58%
ChadN'Djamena
58%
Burkina FasoOuagadougou
58%
NigerNiamey
57%
MaliBamako
57%
TogoLome
56%
TanzaniaDodoma
56%
CameroonYaoundé
55%
EritreaAsmara
55%
BotswanaGaborone
54%
GuineaConakry
52%
MalawiLilongwe
51%
Central African RepublicBangui
50%
MauritaniaNouakchott
50%
MauritiusPort Louis
50%
Cape VerdePraia
49%
BeninPorto-Novo
49%
GambiaBanjul
49%
Côte d'IvoireYamoussoukro
46%
EswatiniMbabane
45%
LesothoMaseru
44%
ComorosMoroni
43%
BurundiGitega
42%
Equatorial GuineaMalabo
41%

Score Distribution

Percentile by Number Answered

Percent of People with Each Score

Your Score History

You have not taken this quiz since the last reset